Relación abreviada de un viaje hecho por el interior de la América Meridional : (Record no. 10517)

000 -CABECERA
fixed length control field 01220nam a22002417a 4500
003 - IDENTIFICADOR DEL NÚMERO DE CONTROL
control field AR-CdUCM
008 - DATOS DE LONGITUD FIJA--INFORMACIÓN GENERAL
fixed length control field 190401b ||||| |||| 00| 0 spa d
040 ## - FUENTE DE LA CATALOGACIÓN
Agencia/entidad que catalogó originalmente la obra MUNICIPALIDAD PROVINCIAL DEL CUSCO
Entidad que transcribió la catalogación BIBLIOTECA MUNICIPAL DEL CUSCO
082 ## - NÚMERO DE LA CLASIFICACIÓN DECIMAL DEWEY
No. de Clasificación 508.3 /
Notacion interna C81 / 1935
100 ## - ENTRADA PRINCIPAL--NOMBRE DE PERSONA
Nombre Personal Condamine, M., de la
245 ## - MENCIÓN DE TÍTULO
Título Relación abreviada de un viaje hecho por el interior de la América Meridional :
Resto del título desde la costa del mar del Sur hasta las costas del Brasil y de la Guayana siguiendo el curso del río de las Amazonas /
260 ## - PUBLICACIÓN, DISTRIBUCIÓN, ETC.
Lugar de publicación, distribución, etc. Madrid :
Nombre de la editorial, distribuidor, etc. Espasa-Calpe,
Fecha de publicación, distribución, etc. 1935.
300 ## - DESCRIPCIÓN FÍSICA
Nº de Páginas Extensión 229 páginas ;
Otros detalles físicos ilustraciones plegables,
Dimensiones 18 cm.
505 ## - NOTA DE CONTENIDO CON FORMATO
Nota de contenido formateada Contenido: Relación abreviada de un viaje hecho por el interior de la América Meridional -- Carta a la señora -- Documentos justificantes para probar la mayor parte de los hechos que se alegan en la carta precedente -- Carta de M. de la Condamine -- Carta de M. Godin des Odonais.
650 ## - PUNTO DE ACCESO ADICIONAL DE MATERIA--TÉRMINO DE MATERIA
Descriptor Siglo XVIII
9 (RLIN) 837
650 ## - PUNTO DE ACCESO ADICIONAL DE MATERIA--TÉRMINO DE MATERIA
Descriptor Perú-Descripciones y viajes
9 (RLIN) 27427
650 ## - PUNTO DE ACCESO ADICIONAL DE MATERIA--TÉRMINO DE MATERIA
Descriptor Condiciones económicas
9 (RLIN) 1989
650 ## - PUNTO DE ACCESO ADICIONAL DE MATERIA--TÉRMINO DE MATERIA
Descriptor Sudamérica
9 (RLIN) 4944
700 ## - PUNTO DE ACCESO ADICIONAL--NOMBRE DE PERSONA
Nombre Personal Ruiz Morcuende, Federico (traducción)
9 (RLIN) 27428
942 ## - ELEMENTOS DE PUNTO DE ACCESO ADICIONAL (KOHA)
Fuente de clasificación
Tipo de item Libros-BMC
945 ## - PROCESAMIENTO DE INFORMACIÓN LOCAL (OCLC)
Catalogador achl
Holdings
Estado de retiro (separado) Fuente de clasificación o esquema de estanterías Estado dañado Ubicación Sala donde se ubica Nombre de la colección Fecha de adquisición o compra Costo, precio normal en soles Signatura topográfica Código de Barras Última vez visto (Koha) Tipo de ítem (Koha)
No     Sala Cusco Antiguo Sala Cusco Antiguo Book Cart 2019-04-01 40.00 508.3 / C81 / 1935 SCA0000804 2019-04-01 Libros-BMC

Powered by Koha